00479nam a2200169Ia 4500999001700000003000400017005001700021008004100038040001800079082001800097100003500115245005700150260004100207300000900248650001000257942004200267 c16327d16327OSt20200606115909.0190216s9999||||xx |||||||||||||| ||und|| cMESKC library a394.13bKAN/S aKandapal, Poorna Chandra 9446 0aSharab, Dhumrapan Aur Aap /cPoorna Chandra Kandapal bKampitent Kmpyutasar,aDelhi:c2003. a126p aHindi cBK2ddch394.13iKAN/Sk394.13mKAN/S